Antología de románticas alemanas / (Record no. 12524)

MARC details
000 -LEADER
campo de control de longitud fija 00982nam a2200265 i 4500
001 - NÚMERO DE CONTROL
campo de control 12524
003 - IDENTIFICADOR DE NÚMERO DE CONTROL
campo de control ES-MaACL
005 - FECHA Y HORA DE LA ÚLTIMA TRANSACCIÓN
campo de control 20230906150332.0
007 - CAMPO FIJO DE DESCRIPCIÓN FÍSICA--INFORMACIÓN GENERAL
campo de control de longitud fija t|
008 - DATOS DE LONGITUD FIJA--INFORMACIÓN GENERAL
campo de control de longitud fija 961113s1995 sp a |||| | spa j
020 ## - NÚMERO INTERNACIONAL ESTÁNDAR DEL LIBRO
Número Internacional Estándar del Libro 84-376-1375-2
080 ## - NÚMERO DE LA CLASIFICACIÓN DECIMAL UNIVERSAL
Número de la Clasificación Decimal Universal 830"17/18"(082.2)
245 00 - MENCIÓN DEL TÍTULO
Título Antología de románticas alemanas /
Mención de responsabilidad, etc. edición de Federico Bermúdez-Cañete y Esther Trancón y Widemann ; traducción de Federico Bermúdez-Cañete y Esther Trancón Widemann.
260 ## - PUBLICACIÓN, DISTRIBUCIÓN, ETC.
Lugar de publicación, distribución, etc. Madrid :
Nombre del editor, distribuidor, etc. Cátedra,
Fecha de publicación, distribución, etc. [1995]
300 ## - DESCRIPCIÓN FÍSICA
Extensión 454 p. :
Otras características físicas il. ;
Dimensiones 18 cm.
490 1# - MENCIÓN DE SERIE
Mención de serie Letras universales ;
Designación de volumen o secuencia 227
504 ## - NOTA DE BIBLIOGRAFÍA, ETC.
Nota de bibliografía, etc. Bibliografía: p. 145-153.
546 ## - NOTA DE IDIOMA
Nota de lengua/lenguaje Introducción en español; textos en alemán y traducción en español.
650 14 - PUNTO DE ACCESO ADICIONAL DE MATERIA--TÉRMINO DE MATERIA
Término de materia o nombre geográfico como elemento de entrada Literatura alemana-
Subdivisión general Autoras.
9 (RLIN) 169414
700 1# - ENTRADA AGREGADA--NOMBRE PERSONAL
Nombre de persona Bermúdez-Cañete, Federico.
9 (RLIN) 28135
700 1# - ENTRADA AGREGADA--NOMBRE PERSONAL
Nombre de persona Trancón y Widemann, Esther.
9 (RLIN) 111224
830 0# - PUNTO DE ACCESO ADICIONAL DE SERIE-TÍTULO UNIFORME
Título uniforme Letras universales ;
Designación de volumen o secuencia 227
9 (RLIN) 178013
852 ## - LOCALIZACIÓN
Ubicación ES-MaACL
Número de control de estantería L-19932
Holdings
Estatus retirado Estado de pérdida Estado de daño No para préstamo Biblioteca de origen Biblioteca actual Ubicación en estantería Fecha de adquisición Fuente de adquisición Total de préstamos Signatura topográfica completa Código de barras Visto por última vez Precio de reemplazo Tipo de ítem Koha
        Biblioteca del Ateneo de Madrid Biblioteca del Ateneo de Madrid Depósito 2 17/01/2008     L-19932 1012760 23/02/2023 23/02/2023 Libro impreso